| 000 | 00526nam a2200181Ia 4500 | ||
|---|---|---|---|
| 999 |
_c13976 _d13976 |
||
| 003 | OSt | ||
| 005 | 20201028105611.0 | ||
| 008 | 190216s9999||||xx |||||||||||||| ||und|| | ||
| 020 | _a9780140157543 | ||
| 040 | _coclc | ||
| 082 |
_a863 _bMAR/C |
||
| 100 |
_aMarquez, Gabriel Garcia _95316 |
||
| 245 | 0 |
_aChronicle Of A Death Foretold / _cGabriel Garcia Marquez |
|
| 260 |
_bPenguin Books, _c1996. _aNew Delhi: |
||
| 300 | _a122p | ||
| 650 | _aEnglish Novel | ||
| 942 |
_cBK _2ddc _h863 _iMAR/C _k863 _mMAR/C |
||